01713nam a2200289 4500001000400000003000400004005001700008008004100025020001800066040000800084041001300092082001900105100003100124240001800155245007000173260003600243300001100279520089700290650001501187650001801202650004801220650003101268650004601299655002101345655002701366830003001393400OSt20250414161917.0250414b |||||||e |||| 00| 0 eng d a9788565042703 bpor hgerapor a150.195bF889e aFreud, Sigmundd1856- 1939 aSigmund Freud aSigmund Freud: bO Essencial da Psicologia / cFreud, Sigmund ;  bHunter Booksc2016aSão Paulo a166 p. aSigmund Freud é uma das personalidades da história da humanidade que, definitivamente, dispensa qualquer tipo de apresentação. Seus estudos sobre o poder dos sonhos e do inconsciente desencadearam uma série de teorias – aprofundadas e compartilhadas por inúmeros nomes importantes de diversas áreas – que revolucionaram a compreensão do homem sobre si mesmo e sobre as relações que constrói na vida pessoal e profissional. Estes e outros temas, como a força dos impulsos e desejos sexuais, são discutidos neste livro, mostrando a influência direta que as descobertas de Freud causaram nas Artes, na Medicina, no Direito, na Educação, na Política e no próprio autoconhecimento do ser humano enquanto agente protagonista da vida em sociedade. Este é apenas o começo da (longa) trajetória de Freud, uma das grandes personalidades do mundo moderno.  0aPsicologia 0aPsicanálise 0aAutoconhecimento – Filosofia e psicologia 0aFreud, Sigmund – Teorias 0aAplicações da Psicologia no Cotidiano 0aNão Ficção 0aTécnico-científico aO Essencial da Psicologia